<?xml version="1.0" encoding="UTF-8"?>
<record
    xmlns:xsi="http://www.w3.org/2001/XMLSchema-instance"
    xsi:schemaLocation="http://www.loc.gov/MARC21/slim http://www.loc.gov/standards/marcxml/schema/MARC21slim.xsd"
    xmlns="http://www.loc.gov/MARC21/slim">

  <leader>03512cam a22003857a 4500</leader>
  <controlfield tag="001">17908068</controlfield>
  <controlfield tag="003">OSt</controlfield>
  <controlfield tag="005">20210414114454.0</controlfield>
  <controlfield tag="008">131017s2015    at a          001 0 eng d</controlfield>
  <datafield tag="010" ind1=" " ind2=" ">
    <subfield code="a">  2013952132</subfield>
  </datafield>
  <datafield tag="015" ind1=" " ind2=" ">
    <subfield code="a">GBB3A5952</subfield>
    <subfield code="2">bnb</subfield>
  </datafield>
  <datafield tag="016" ind1="7" ind2=" ">
    <subfield code="a">016547564</subfield>
    <subfield code="2">Uk</subfield>
  </datafield>
  <datafield tag="020" ind1=" " ind2=" ">
    <subfield code="a">9781285164205 (hbk.)</subfield>
  </datafield>
  <datafield tag="020" ind1=" " ind2=" ">
    <subfield code="a">1285164202 (hbk.)</subfield>
  </datafield>
  <datafield tag="035" ind1=" " ind2=" ">
    <subfield code="a">(OCoLC)ocn864086905</subfield>
  </datafield>
  <datafield tag="040" ind1=" " ind2=" ">
    <subfield code="a">UKMGB</subfield>
    <subfield code="b">eng</subfield>
    <subfield code="c">UKMGB</subfield>
    <subfield code="d">OCLCO</subfield>
    <subfield code="d">TAMCT</subfield>
    <subfield code="d">YDXCP</subfield>
    <subfield code="d">BTCTA</subfield>
    <subfield code="d">OCLCO</subfield>
    <subfield code="d">OCLCF</subfield>
    <subfield code="d">DLC</subfield>
  </datafield>
  <datafield tag="042" ind1=" " ind2=" ">
    <subfield code="a">lccopycat</subfield>
  </datafield>
  <datafield tag="050" ind1="0" ind2="0">
    <subfield code="a">HD30.3.M55 </subfield>
  </datafield>
  <datafield tag="100" ind1="1" ind2=" ">
    <subfield code="a">Miller, Katherine,</subfield>
    <subfield code="d">1959-</subfield>
    <subfield code="e">author.</subfield>
  </datafield>
  <datafield tag="245" ind1="1" ind2="0">
    <subfield code="a">Organizational communication :Approaches and processes. /</subfield>
    <subfield code="c">Katherine Miller.</subfield>
  </datafield>
  <datafield tag="250" ind1=" " ind2=" ">
    <subfield code="a">7th ed.</subfield>
  </datafield>
  <datafield tag="260" ind1=" " ind2=" ">
    <subfield code="a">Stamford:</subfield>
    <subfield code="b">Cengage Learning,</subfield>
    <subfield code="c">2015.</subfield>
  </datafield>
  <datafield tag="300" ind1=" " ind2=" ">
    <subfield code="a">xx, 328 p. :</subfield>
    <subfield code="b">ills ;</subfield>
    <subfield code="c">24 cm.</subfield>
  </datafield>
  <datafield tag="500" ind1=" " ind2=" ">
    <subfield code="a">Originally published: Boston, Mass.: Wadsworth Cengage Learning, 2012.</subfield>
  </datafield>
  <datafield tag="504" ind1=" " ind2=" ">
    <subfield code="a">Includes bibliographical references and index.</subfield>
  </datafield>
  <datafield tag="505" ind1=" " ind2=" ">
    <subfield code="a">Contents: The Challenge of organizational communication: Our complicated world -- Looking ahead -- Classical approaches: The machine metaphor -- Henri Fayol's theory of classical management -- Max Weber's theory of bureaucracy -- Frederick Taylor's theory of scientific management -- Communication in classical approaches -- Classical management in organizations today -- Human relations and human resources approaches: The Human relations approach -- The Human resource approach -- Communication in human relations and human resources organizations -- Human relations and human resources organizations today -- Systems and cultural approaches: The System metaphor and systems concepts -- Systems approaches to organizational communication -- The cultural metaphor -- Constitutive approaches: Communicative constitution of organizations -- The Montreal school -- The Four flows -- Critical and feminist approaches: Critical approaches -- Feminist approaches -- Socialization processes: Models of organizational socialization -- Communication processes during socialization recruiting and interviewing -- Decision-making: Models of the decision-making process -- Small-group decision making -- Participation and collaboration -- Conflict management processes: Conceptualizing the conflict process -- Managing organizational conflict -- Factors influencing the conflict management process -- Organizational change and leadership processes: Organizational change processes -- Organizational leadership -- Communication and leadership -- Processes of emotion in the workplace: Emotion in the workplace -- Stress, burnout, and social support in the workplace -- Organizational diversity processes: Women and minorities in today's organizations -- The Multicultural organization -- Technological processes: Types of organizational communication technology -- Understanding technology adoption and use -- Effects of information and communication technology -- The Changing landscape of organizations: Communication in the global workplace -- Communication in the era of shifting identity -- Communication in a service economy -- Communication in the age of the disposable worker.</subfield>
  </datafield>
  <datafield tag="650" ind1=" " ind2="0">
    <subfield code="a">Communication in organizations.</subfield>
  </datafield>
  <datafield tag="650" ind1=" " ind2="0">
    <subfield code="a">Communication in personnel management.</subfield>
  </datafield>
  <datafield tag="650" ind1=" " ind2="0">
    <subfield code="a">Interpersonal communication.</subfield>
  </datafield>
  <datafield tag="650" ind1=" " ind2="0">
    <subfield code="a">Communication in organizations</subfield>
    <subfield code="v">Case studies.</subfield>
  </datafield>
  <datafield tag="906" ind1=" " ind2=" ">
    <subfield code="a">7</subfield>
    <subfield code="b">cbc</subfield>
    <subfield code="c">copycat</subfield>
    <subfield code="d">2</subfield>
    <subfield code="e">ncip</subfield>
    <subfield code="f">20</subfield>
    <subfield code="g">y-gencatlg</subfield>
  </datafield>
  <datafield tag="942" ind1=" " ind2=" ">
    <subfield code="2">lcc</subfield>
    <subfield code="c">BK</subfield>
  </datafield>
  <datafield tag="999" ind1=" " ind2=" ">
    <subfield code="c">5625</subfield>
    <subfield code="d">13125</subfield>
  </datafield>
  <datafield tag="952" ind1=" " ind2=" ">
    <subfield code="0">0</subfield>
    <subfield code="1">0</subfield>
    <subfield code="2">lcc</subfield>
    <subfield code="4">0</subfield>
    <subfield code="7">0</subfield>
    <subfield code="a">WIUC-1</subfield>
    <subfield code="b">WIUC-1</subfield>
    <subfield code="c">REF</subfield>
    <subfield code="d">2015-07-08</subfield>
    <subfield code="l">0</subfield>
    <subfield code="o">HD30.3.M55</subfield>
    <subfield code="p">7850/277/15</subfield>
    <subfield code="r">2015-07-08 00:00:00</subfield>
    <subfield code="w">2015-07-08</subfield>
    <subfield code="y">BK</subfield>
  </datafield>
</record>
